|
|
|
|
| LEADER |
02500nam a2200661 4500 |
| 001 |
ocn879677974 |
| 003 |
OCoLC |
| 005 |
20170124070149.3 |
| 006 |
m o d |
| 007 |
cr cnu---unuuu |
| 008 |
140515t20142014enk ob 001 0 eng d |
| 040 |
|
|
|a N$T
|b eng
|e rda
|e pn
|c N$T
|d YDXCP
|d IDEBK
|d DG1
|d E7B
|d CUS
|d OCLCF
|d COO
|d UKMGB
|d DEBBG
|d GrThAP
|
| 015 |
|
|
|a GBB3B1370
|2 bnb
|
| 016 |
7 |
|
|a 016559774
|2 Uk
|
| 020 |
|
|
|a 9781118649244 (electronic bk.)
|
| 020 |
|
|
|a 1118649249 (electronic bk.)
|
| 020 |
|
|
|z 1848215533
|
| 020 |
|
|
|z 9781848215535
|
| 020 |
|
|
|a 9781118649251 (electronic bk.)
|
| 020 |
|
|
|a 1118649257 (electronic bk.)
|
| 029 |
1 |
|
|a CHVBK
|b 325942862
|
| 029 |
1 |
|
|a CHBIS
|b 010259601
|
| 029 |
1 |
|
|a DEBBG
|b BV042744806
|
| 029 |
1 |
|
|a DEBBG
|b BV043396767
|
| 035 |
|
|
|a (OCoLC)879677974
|
| 050 |
|
4 |
|a TS155
|b .R49 2014eb
|
| 072 |
|
7 |
|a BUS
|x 082000
|2 bisacsh
|
| 072 |
|
7 |
|a BUS
|x 041000
|2 bisacsh
|
| 072 |
|
7 |
|a BUS
|x 042000
|2 bisacsh
|
| 072 |
|
7 |
|a BUS
|x 085000
|2 bisacsh
|
| 082 |
0 |
4 |
|a 658.5
|2 23
|
| 049 |
|
|
|a MAIN
|
| 100 |
1 |
|
|a Rezg, Nidhal,
|e author.
|
| 245 |
1 |
0 |
|a Joint optimization of maintenance and production policies /
|c Nidhal Rezg, Sofiene Dellagi, Abdelhakim Khatab.
|
| 264 |
|
1 |
|a London :
|b ISTE,
|c 2014
|
| 264 |
|
1 |
|a Hoboken, N.J. :
|b Wiley,
|c 2014
|
| 264 |
|
4 |
|c ©2014
|
| 300 |
|
|
|a 1 online resource (xi, 135 pages)
|
| 336 |
|
|
|a text
|b txt
|2 rdacontent
|
| 337 |
|
|
|a computer
|b c
|2 rdamedia
|
| 338 |
|
|
|a online resource
|b cr
|2 rdacarrier
|
| 490 |
1 |
|
|a Focus industrial engineering series
|
| 504 |
|
|
|a Includes bibliographical references and index.
|
| 588 |
|
|
|a Description based on online resource; title from PDF title page (Wiley, viewed July16, 2014)
|
| 650 |
|
0 |
|a Production management.
|
| 650 |
|
7 |
|a BUSINESS & ECONOMICS / Industrial Management
|2 bisacsh
|
| 650 |
|
7 |
|a BUSINESS & ECONOMICS / Management
|2 bisacsh
|
| 650 |
|
7 |
|a BUSINESS & ECONOMICS / Management Science
|2 bisacsh
|
| 650 |
|
7 |
|a BUSINESS & ECONOMICS / Organizational Behavior
|2 bisacsh
|
| 650 |
|
7 |
|a Production management.
|2 fast
|0 (OCoLC)fst01078309
|
| 655 |
|
4 |
|a Electronic books.
|
| 655 |
|
0 |
|a Electronic books.
|
| 700 |
1 |
|
|a Dellagi, Sofiene,
|e author.
|
| 700 |
1 |
|
|a Khatab, Abdelhakim,
|e author.
|
| 776 |
0 |
8 |
|i Print version:
|a Rezg, Nidhal.
|t Joint optimization of maintenance and production policies
|z 1848215533
|w (OCoLC)855831620
|
| 830 |
|
0 |
|a Focus series in automation & control.
|
| 856 |
4 |
0 |
|u https://doi.org/10.1002/9781118649244
|z Full Text via HEAL-Link
|
| 994 |
|
|
|a 92
|b DG1
|